Multiple-Choice-Stadtquiz Köln - Statistiken

Allgemein
  • Dieses Quiz wurde 307 mal gespielt
  • Das Durchschnittsergebnis liegt bei 8 aus 10
Antwortstatistiken
Frage Antwort % Korrekt
Wofür ist Köln bekannt? Karneval
99%
Welches Gebäude war eine zeitlang das höchste Gebäude der Welt? Kölner Dom
99%
Welche Gamingmesse findet jedes Jahr in Köln statt? Gamescom
95%
In welchem Stadtteil liegt die Kölner Messe? Deutz
88%
Welcher Freizeitpark liegt in einer Nachbarstadt Kölns? Phantasialand
86%
Was ist kein Stadtteil Kölns? Solingen
86%
Welches dieser Museen steht in Köln? Schokoladenmuseum
83%
Wie heißt der Park, der nach MediaMarkt benannt ist? Media Park
67%
Wieviele Brücken führen über den Rhein in Köln? 7
34%
Welcher dieser Preußischen Könige steht nicht an der Hohenzollernbrücke? Friedrich Wilhelm IV.
29%
Keine übereinstimmenden Quizze gefunden
Verteilung der Resultate
Anzahl Personen mit jedem Resultat
Perzentil nach korrekt beantworteten Fragen
Ihre Resultats-Entwicklung
Sie haben dieses Quiz noch nicht gespielt